With You - Linkin Park (All Lyrics) - Statistics

General Stats
  • This quiz has been taken 4 times
  • The average score is 267 of 324
Answer Stats
Answer % Correct
a
100%
(A
100%
And
100%
and
100%
close
100%
eyes)
100%
feel
100%
how
100%
I
100%
(I
100%
I,
100%
I'm
100%
(I'm
100%
matter
100%
my
100%
No,
100%
no
100%
No
100%
now
100%
still
100%
We
100%
when
100%
When
100%
with
100%
With
100%
you
100%
(You,
100%
your
100%
all
75%
anymore
75%
back
75%
back)
75%
be
75%
by
75%
can't
75%
come
75%
day
75%
distant,
75%
dream
75%
(Even
75%
Even
75%
even
75%
everything
75%
face
75%
fall
75%
far
75%
feet
75%
floor
75%
floor,
75%
go
75%
hit
75%
if
75%
in
75%
inside)
75%
isn't
75%
It's
75%
keepin'
75%
left
75%
little
75%
me)
75%
me
75%
memories
75%
mistake,
75%
not
75%
of
75%
on
75%
past
75%
promised
75%
react
75%
real
75%
rest
75%
see,
75%
see
75%
slow
75%
so
75%
(So
75%
sound
75%
stands
75%
that)
75%
that
75%
the
75%
The
75%
though
75%
to
75%
tomorrow
75%
true,
75%
voice
75%
wait
75%
wake
75%
way
75%
we've
75%
you're
75%
You're
75%
about
50%
between
50%
bring
50%
cold
50%
(Fine
50%
(Forgot
50%
line
50%
memory)
50%
Painted
50%
pretend
50%
put
50%
static
50%
taste
50%
things
50%
this
50%
today
50%
trapped
50%
up
50%
Was
50%
woke
50%
wrong,
50%
yesterday)
50%
hypocrisy)
25%
pretendin'
25%
Rememberin'
25%
where
25%
No matching quizzes found
Score Distribution
Percent of People with Each Score
Percentile by Number Answered
Your Score History
You have not taken this quiz